000 00634nam a2200241Ia 4500
003 OSt
005 20221007111442.0
006 a|||||r|||| 00| 0
007 ta
008 221006b |||||||| |||| 00| 0 eng d
024 _a23,550
037 _cTextual
040 _aLCO
_cLCO
_beng
041 _2eng
_aeng
082 _aX:517OaZ2,181, L2
100 _aAggarwal V.K
245 0 _aSome Problems of Monopoly and Company Law
260 _aBombay
_bN.M.Tripathi India
_c1972
300 _a247
650 _aMONOPOLY
942 _hX:517OaZ2,181, L2
_cTEXL
999 _c1193113
_d1193113